Sao Francisco do Sul: 500 anos, construcoes históricas

Saved in:
Bibliographic Details
Corporate Author: Instituto Binot Paulmier de Gonneville (Author)
Format: Book
Language:Portuguese
French
English
Published: Florianópolis Instituto Binot Paulmier de Gonneville 2004
Edition:1a. ed
Subjects:
Tags: Add Tag
No Tags, Be the first to tag this record!

MARC

LEADER 00000nam a2200000 a 4500
001 UCK2351
003 CL-VaPUC
008 050106e20040000bl |||||||||||||||||por|d
041 0 7 |a por  |2 CL-VaPUC 
041 0 7 |a fre  |2 CL-VaPUC 
041 0 7 |a eng  |2 CL-VaPUC 
082 0 4 |a 720.981  |b INS  |2 21 
110 2 |a Instituto Binot Paulmier de Gonneville  |e author  |9 490192 
245 1 0 |a Sao Francisco do Sul: 500 anos, construcoes históricas 
250 |a 1a. ed 
300 |a 249 p 
942 |c BK 
945 |d 20050106 00:00:00  |a vberengu 
260 |a Florianópolis  |b Instituto Binot Paulmier de Gonneville  |c 2004 
500 |a http://www.saofranciscodosul.com.br 
650 7 |a EDIFICIONES HISTORICOS  |2 CL-VaPUC  |9 490193 
650 0 |a Patrimonio arquitectónico  |9 488599 
651 7 |a SANTA CATARINA  |2 CL-VaPUC  |9 490194 
651 0 |a Brasil  |9 267393 
583 |a last modification  |c 20171114 01:30:28  |k Rodrigo Vera 
999 |c 311909  |d 311907 
952 |0 0  |1 0  |4 0  |6 720_981000000000000_INS_2004  |7 0  |8 A  |9 381637  |a BIBARQ  |b BIBARQ  |d 2019-11-21  |i 4080572  |o 720.981 INS 2004  |p 4080572  |r 2025-01-20  |w 2019-11-21  |y BK  |k ARQ